Statistiques concernant Euro (football) : Classement général

Cliquez ici pour prendre le quiz!

Statistiques générales

  • Ce quiz a été pris 1 344 fois
  • Le résultat moyen est 14 sur 17

Statistiques - réponses

ClassementPaysVainqueurFinalisteDemi-finaliste% Correct
3eFrance212
100%
1erAllemagne333
99%
2eEspagne31-
99%
5eItalie122
98%
7ePortugal113
97%
13eAngleterre--2
95%
8ePays-Bas1-4
90%
12eBelgique-11
88%
4eRussie132
88%
10eGrèce1--
87%
15eSuède--1
85%
9eDanemark1-2
82%
14eHongrie--2
69%
6eRépublique tchèque113
69%
11eYougoslavie-21
69%
16eTurquie--1
61%
17ePays de Galles--1
54%

Distribution des résultats

Percentile par nombre de réponses

% des personnes avec chaque résultat

Votre développement - résultats

Vous n’avez pas pris ce quiz